Menschen und Mächte /

Uložené v:
Podrobná bibliografia
Hlavný autor: Schmidt, Helmut, 1918-
Médium: Kniha
Jazyk:German
Vydané: Berlin : Wolf Jobst Siedler Verlag, 1987.
Vydanie:1. Aufl.
Témy:
ISBN: 3886802787 (viaz.)
Fyzický popis: 474 s. : fotogr. ; 22 cm.
Tagy: Pridať tag
Žiadne tagy, Buďte prvý kto otaguje tento záznam!

MARC

LEADER 00000nam a2200000 a 4500
001 000357708
003 SVKK
005 20130614100413.0
008 040119s1987 gw o e 001 0 ger d
020 |a 3886802787 (viaz.) 
040 |a SVKKK  |b slo  |c SVKKK  |e AACR2 
041 0 |a ger 
043 |a e-ur---  |a n-us---  |a e-uk--- 
044 |a gw  |c DE 
072 7 |a 32  |x Politika  |2 konspekt 
080 |a 32  |2 2001 
080 |a 342.7  |2 2001 
080 |a (47)  |2 2001 
080 |a (73)  |2 2001 
080 |a (410)  |2 2001 
080 |a (081)  |2 2001 
100 1 |a Schmidt, Helmut,  |d 1918- 
245 1 0 |a Menschen und Mächte /  |c Helmut Schmidt. 
250 |a 1. Aufl. 
260 |a Berlin :  |b Wolf Jobst Siedler Verlag,  |c 1987. 
300 |a 474 s. :  |b fotogr. ;  |c 22 cm. 
504 |a Register: s. 463-[475] 
650 0 7 |a svetové veľmoci  |2 SVKKKPH 
650 0 7 |a ľudské práva  |2 SVKKKPH 
651 7 |a Rusko  |2 SVKKKPH 
651 7 |a Spojené štáty americké  |2 SVKKKPH 
651 7 |a Veľká Británia  |2 SVKKKPH 
655 7 |a zborníky  |2 SVKKKPH 
910 |a svkkk 
919 |a 3-88680-278-7 
998 |a BK 
090 |g SCKHL  |k Sklad Pribinova prízemie  |a IV.207698  |j 1015277  |i 2720004776  |s Absenčne